Wszyscy Strzelcy Bramek W Finale Lidze Mistrzów 2024-2010 - Statystyki

Ogólne statystyki
  • Ten quiz został rozwiązany 1 026 razy
    323 od ostatniego zresetowania
  • Średni wynik to 28 z 36
Statystyki odpowiedzi
Rok Drużyny Minuta Zawodnik % Poprawnych
2016/17 Real Madryt 4:1 Juventus 20',64' Cristiano Ronaldo
99%
120' Cristiano Ronaldo
99%
54' Lionel Messi
96%
2018/19 Liverpool 2:0 Totenham 2' K. Mohamed Salah
96%
64',83' Gareth Bale
94%
110' Gareth Bale
94%
2017/18 Real Madryt 3:1 Liverpool 51' Karim Benzema
94%
83' Vinicius Junior
94%
2021/22 Real Madryt 1:0 Liverpool 59' Vinicius Junior
94%
2015/16 Real Madryt 1:1 Atletico MadrytK . 5:3 15' Sergio Ramos
90%
90+3' Sergio Ramos
90%
90+7' Neymar Jr
87%
2022/23 Manchester City 1:0 Inter 68' Rodri
86%
55' Sadio Mane
86%
2019/20 Bayern Monachium 1:0 PSG 59' Kingsley Coman
84%
68' Luis Suarez
84%
2020/21 Chelsea 1:0 Manchester City 42' Kai Havertz
82%
2023/24 Real Madryt 2:0 Borussia Dortmund 74' Dani Carvajal
81%
27' Mario Mandzukić
80%
2012/13 Bayern Monachium 2:1 Borussia Dortmund 60' Mario Mandzukić
80%
89' Arjen Robben
78%
88' Didier Drogba
77%
118' Marcelo
67%
34' Wayne Rooney
67%
61' Casemiro
66%
2011/12 Chelsea 1:1 Bayern Monachium K. 4:3 83' Thomas Muller
66%
2009/10 Inter Mediolan 2:0 Bayern Monachium 35', 70' Diego Milito
64%
87' Divock Origi
64%
2013/14 Real Madryt 4:1 Atletico Madryt 36' Diego Godin
61%
2014/15 FC Barcelona 3:1 Juventus 4' Ivan Rakitić
60%
69' David Villa
59%
2010/11 FC Barcelona 3:1 Manchester United 27' Pedro
59%
55' Alvaro Morata
58%
68' K. Ilkay Gundogan
57%
90' Marco Asensio
55%
79' Yannick Carrasco
41%
Nie znaleziono quizów pasujących do podanych kryteriów
Rozkład punktacji
Procent ludzi z każdym wynikiem
Percentyl według liczby udzielonych odpowiedzi
Twoja historia wyników
Nie rozwiązałeś tego quizu od ostatniego zresetowania